Will O' the Wisp: folk tales and legends of New Brunswick (Record no. 61770)

MARC details
000 -LEADER
fixed length control field 00566nam a2200157 a 4500
008 - FIXED-LENGTH DATA ELEMENTS--GENERAL INFORMATION
fixed length control field 120416s1979 ||||||||||||||||| || u
050 ## - LIBRARY OF CONGRESS CALL NUMBER
Classification number GR 113.566 Spr
100 ## - MAIN ENTRY--PERSONAL NAME
Personal name Spray, Carole
245 10 - TITLE STATEMENT
Title Will O' the Wisp: folk tales and legends of New Brunswick
260 ## - PUBLICATION, DISTRIBUTION, ETC.
Place of publication, distribution, etc. Fredericton
Name of publisher, distributor, etc. Brunswick P
Date of publication, distribution, etc. 1979
300 ## - PHYSICAL DESCRIPTION
Extent xiii, 132p.
350 ## - PRICE (NR) (BK AM CF MU VM SE) [OBSOLETE]
Price 0.00
650 ## - SUBJECT ADDED ENTRY--TOPICAL TERM
Topical term or geographic name entry element Tales, Medieval--New Brunswick
650 ## - SUBJECT ADDED ENTRY--TOPICAL TERM
Topical term or geographic name entry element CULTURE
995 ## - RECOMMENDATION 995 [LOCAL, UNIMARC FRANCE]
-- 0.00
-- CBU-MAIN LIBRARY (Kitwe)
-- 1
-- 0.00
-- 1
-- DAMAGED
-- Main Library Open Access Collection
Holdings
Withdrawn status Lost status Source of classification or shelving scheme Damaged status Not for loan Home library Current library Shelving location Date acquired Total Checkouts Full call number Barcode Date last seen Price effective from Koha item type
          CBU-MAIN LIBRARY, KITWE. CBU-MAIN LIBRARY, KITWE.   11/30/2022   GR 113.566 Spr 020903 11/30/2022 11/30/2022 MONOGRAPH